000 00772nam a2200229 a 4500
005 20200104041505.0
008 140113b1996 ck a gr|||| 00| 0 spa d
040 _aCO-BoIAVH
_cCO-BoIAVH
041 _aspa
044 _ack
082 4 _a333.707
_bC91v
100 1 _aCárdenas Támara, Felipe
_93622
245 1 _aVoces de tierra y monte
_bimaginarios campesinos de las provincias de Norte y Gutiérrez (Boyacá) y García Rovira (Santander)
260 _aBogotá
_bIDEADE
_c1996
300 _a129 paginas.
_bilustraciones.;
_c24 x 16 cm.
650 4 _aEducación ambiental
_9162
650 4 _aParticipación comunitaria
_953497
650 4 _aConocimiento tradicional
_953498
650 4 _aDesechos sólidos
_93623
650 4 _aCalidad de vida
_953499
942 _cLIBRO
_2ddc
999 _c54
_d54